RC Lens Squad 2024-2025 - Statistics

General Stats
  • This quiz has been taken 83 times
    54 since last reset
  • The average score is 23 of 35
Answer Stats
# Position Nation Player % Correct
14 DF Argentina Facundo Medina
92%
- Coach England Will Still
90%
25 DF Uzbekistan Abdukodir Khusanov
87%
24 DF France Jonathan Gradit
87%
8 FW Angola M'Bala Nzola
87%
30 GK Australia Mathew Ryan
85%
10 MF Portugal David Pereira da Costa
82%
3 DF Colombia Deiver Machado
82%
4 DF Austria Kevin Danso
82%
16 GK Burkina Faso Hervé Koffi
79%
29 MF Poland Przemysław Frankowski
79%
30 GK France Brice Samba
77%
7 FW France Florian Sotoca
77%
28 MF France Adrien Thomasson
74%
23 MF Morocco Neil El Aynaoui
74%
18 MF France Andy Diouf
69%
19 FW Central African Republic Goduine Koyalipou
69%
2 DF France Ruben Aguilar
69%
38 FW Morocco Anass Zaroury
67%
9 FW Uruguay Martín Satriano
67%
22 FW France Wesley Saïd
67%
11 MF New Caledonia Angelo Fulgini
64%
20 DF France Malang Sarr
62%
26 MF Senegal Nampalys Mendy
62%
15 MF Nigeria Hamzat Ojediran
59%
13 DF Ecuador Jhoanner Chávez
59%
1 GK Slovenia Denis Petrić
56%
27 DF Sierra Leone Juma Bah
54%
4 DF Bosnia and Herzegovina Nidal Čelik
51%
25 FW Sweden Jeremy Agbonifo
49%
34 MF France Tom Pouilly
41%
36 FW Guadeloupe Rémy Labeau Lascary
38%
37 DF France Ismaëlo Ganiou
23%
19 MF France Jimmy Cabot
23%
27 DF Senegal Sidi Bane
18%
No matching quizzes found
Score Distribution
Percent of People with Each Score
Percentile by Number Answered
Your Score History
You have not taken this quiz since the last reset